000 00612nam a2200229Ia 4500
003 OSt
005 20220928110459.0
006 a|||||r|||| 00| 0
007 ta
008 220927b |||||||| |||| 00| 0 eng d
024 _a44906
037 _cTextual
040 _aSDCL
_cSDCL
_beng
041 _2eng
_aeng
082 _aO152,1M96:g, K51
100 _aBhatanagar Ramratan
_9419686
245 0 _aNirala aur navjagaran.
260 _aSagar
_bSaathi Prakashan
_c1965
300 _a487p
_ccm.
942 _hO152,1M96:g, K51
_cTEXL
_2CC
999 _c735825
_d735825